Logo BPK

Biblioteka

Politechniki Koszalińskiej

Intertextuality in English and American Literature : (Rekord nr 47241)

Szczegóły MARC
000 -ETYKIETA REKORDU
podpole kontrolne o stałej długości 01096nam a2200253 i 4500
001 - NUMER KONTROLNY REKORDU
pole kontrolne bgj
020 ## - MIĘDZYNARODOWY ZNORMALIZOWANY NUMER KSIĄŻKI - ISBN
ISBN 8323203954 (pbk)
040 ## - ŹRÓDŁO KATALOGOWANIA
Instytucja, która utworzyła rekord BPK
041 0# - KOD JĘZYKA
Kod języka tekstu eng
920 ## - Międzynarodowy znormalizowany numer książki – ISBN
ISBN 83-232-0395-4 (pbk)
008 - POLE O STAŁEJ DŁUGOŚCI - DANE KONTROLNE
podpole kontrolne o stałej długości s uk f |000 0 eng
245 00 - TYTUŁ/ODPOWIEDZIALNOŚĆ
Tytuł Intertextuality in English and American Literature :
Ciąg dalszy tytułu procedings from the Baranowo conference May 1988 /
Pozostałe elementy strefy tytułu i oznaczenia odpowiedzialności [edited by] Andrzej Kopcewicz, Marek Wilczyński ; [organized by the Adam Mickiewicz University Institute of English].
260 ## - STREFA ADRESU WYDAWNICZEGO
Miejsce wydania Poznań :
Nazwa wydawcy/dystrybutora Uniwersytet im. Adama Mickiewicza,
Data publikacji, dystrybucji/powstania dokumentu 1992.
300 ## - STREFA OPISU FIZYCZNEGO
Objętość 168 pp ;
Rozmiary 24 cm.
490 1# - STREFA SERII I DOKUMENTU WIELOCZĘŚCIOWEGO - FORMA NIE DO WYSZUKIWANIA
Tytuł i oznaczenie odpowiedzialności serii Studia Anglica Posnaniensia / Uniwersytet im. Adama Mickiewicza,
ISSN 0081-6272 ;
Numeracja w obrębie serii 24
650 #9 - HASŁO PRZEDMIOTOWE W FORMIE NAZWY OGÓLNEJ LUB JEDNOSTKOWEJ
Nazwa ogólna lub geograficzna Literary criticism
650 #9 - HASŁO PRZEDMIOTOWE W FORMIE NAZWY OGÓLNEJ LUB JEDNOSTKOWEJ
Nazwa ogólna lub geograficzna American literature
Określnik ogólny History and criticism
650 #9 - HASŁO PRZEDMIOTOWE W FORMIE NAZWY OGÓLNEJ LUB JEDNOSTKOWEJ
Nazwa ogólna lub geograficzna English literature
Określnik ogólny History and criticism
700 1# - HASŁO DODATKOWE - NAZWA OSOBOWA
Nazwa osobowa KOPCEWICZ, Andrzej.
Określenie związku między hasłem a opisywanym materiałem ed.
700 1# - HASŁO DODATKOWE - NAZWA OSOBOWA
Nazwa osobowa WILCZYŃSKI, Marek.
Określenie związku między hasłem a opisywanym materiałem ed.
710 p0 - HASŁO DODATKOWE - NAZWA CIAŁA ZBIOROWEGO
Nazwa ciała zbiorowego lub jednostki geograficznej ADAM MICKIEWICZ UNIVERSITY
-- Poznań
Nazwa jednostki podrzędnej Institute of English
-- Poznań
830 #0 - HASŁO DODATKOWE SERII LUB DOKUMENTU WIELOCZĘŚCIOWEGO - TYTUŁ UJEDNOLICONY
Tytuł ujednolicony Studia Anglica Posnaniensia (Uniwersytet im. Adama Mickiewicza) ;
Oznaczenie tomu 24
856 ## - LOKALIZACJA I DOSTĘP DO ELEKTRONICZNYCH DOKUMENTÓW ZDALNYCH
Link (URL) http://koha.tu.koszalin.pl/cgi-bin/koha/opac-detail.pl?biblionumber=47241
Tekst linku Katalog online BPK
942 ## - DODATKOWE ELEMENTY (KOHA)
Typ dokumentu Książka
Egzemplarze
Wycofany Status egzemplarza Uszkodzony Dostępność Lokalizacja stała Lokalizacja bieżąca Miejsce przechowywania Sygnatura Kod kreskowy Typ dokumentu
      Dostępny Biblioteka Politechniki Koszalińskiej Biblioteka Politechniki Koszalińskiej Wypożyczalnia Językowa KA 2609 09034983 Książka
© 2023 Biblioteka Politechniki Koszalińskiej :: KOHA